El lenguaje del dibujo ; Versión modificada del test de Wartegg
Uloženo v:
| Hlavní autor: | |
|---|---|
| Další autoři: | |
| Médium: | Kniha |
| Jazyk: | španělština |
| Vydáno: |
Buenos Aires
Kapelusz
1960
|
| Témata: | |
| Tagy: |
Přidat tag
Žádné tagy, Buďte první, kdo vytvoří štítek k tomuto záznamu!
|
MARC
| LEADER | 00000nam a22000005a 4500 | ||
|---|---|---|---|
| 003 | CL-ChBUA | ||
| 005 | 20120815091449.0 | ||
| 008 | 080219s1960 ag ||||| |||| 000 ||spa | ||
| 040 | |a CL-ChBUA |c CL-ChBUA | ||
| 082 | 0 | 0 | |a 151.22 |
| 090 | |c 22829 |d 22829 | ||
| 100 | 1 | |a Biedma, Carlos J. | |
| 245 | 1 | 0 | |a El lenguaje del dibujo ; |b Versión modificada del test de Wartegg |
| 260 | |a Buenos Aires |b Kapelusz |c 1960 | ||
| 300 | |a 125 p. |c 20 cm. | ||
| 504 | |a il., índice, bibl. | ||
| 650 | 4 | |a PSICOLOGIA DEL DIBUJO | |
| 650 | 4 | |a PSICOMETRIA | |
| 700 | 1 | |a D´Alfonso, Pedro G. | |
| 942 | |c LIB | ||
| 952 | |0 0 |1 0 |2 ddc |4 0 |6 151_220000000000000_B_586 |7 0 |9 55435 |a UNACH |b UNACH |c 100 |d 2008-02-19 |i 12.974 |l 2 |o 151.22 / B 586 |p 56521 |r 2024-10-25 00:00:00 |s 2023-05-05 |u 55435 |w 2012-08-08 |y LIB | ||
| 999 | |c 22829 |d 22829 | ||